header

Hepatitis C virus (Record no. 30905)

MARC details
000 -LEADER
fixed length control field 01176nam a22003014a 4500
082 04 - DEWEY DECIMAL CLASSIFICATION NUMBER
Classification number 616.3/623
100 1# - MAIN ENTRY--AUTHOR NAME
Personal name Feitelson, Mark.
245 10 - TITLE STATEMENT
Title Hepatitis C virus
260 ## - PUBLICATION, DISTRIBUTION, ETC. (IMPRINT)
Place of publication Cambridge, UK ;
-- New York :
Name of publisher Cambridge University Press,
Year of publication 2002.
300 ## - PHYSICAL DESCRIPTION
Number of Pages xiv, 256 p. :
Other physical details ill.
650 #0 - SUBJECT ADDED ENTRY--TOPICAL TERM
Topical Term Hepatitis C.
Topical Term Hepatitis C virus.
856 40 - ELECTRONIC LOCATION AND ACCESS
Uniform Resource Identifier http://site.ebrary.com/lib/rucke/Doc?id=10014604

No items available.

© 2026 Rongo University
Contact us: librarian | system librarian | Rongo university